Catálogo
 En Linea

Zona colonial : (Registro nro. 59229)

Detalles MARC
000 -CABECERA
campo de control de longitud fija 01683nam a2200277 i 4500
003 - IDENTIFICADOR DEL NÚMERO DE CONTROL
campo de control DO-SdBNP
005 - FECHA Y HORA DE LA ÚLTIMA TRANSACCIÓN
campo de control 20250611120856.0
007 - CAMPO FIJO DE DESCRIPCIÓN FÍSICA--INFORMACIÓN GENERAL
campo de control de longitud fija ta
008 - DATOS DE LONGITUD FIJA--INFORMACIÓN GENERAL
campo de control de longitud fija 250611t2011 dr o 000 0 spa d
040 ## - FUENTE DE LA CATALOGACIÓN
Centro catalogador/agencia de origen DO-SdBNP
Lengua de catalogación spa
Centro/agencia transcriptor BNPHU
Normas de descripción rda
082 ## - NÚMERO DE LA CLASIFICACIÓN DECIMAL DEWEY
Número de clasificación xxxx
Número de documento/Ítem L926
Número de edición 22
100 1# - ENTRADA PRINCIPAL--NOMBRE DE PERSONA
Nombre de persona Lubbers, Eddie
Término indicativo de función/relación autor
Código de función/relación aut.
9 (RLIN) 87025
245 10 - MENCIÓN DE TÍTULO
Título Zona colonial :
Resto del título Santo Domingo /
Mención de responsabilidad, etc. Eddie Lubbers
250 ## - MENCIÓN DE EDICIÓN
Mención de edición Primera edición
264 ## - PRODUCCIÓN, PUBLICACIÓN, DISTRIBUCIÓN, FABRICACIÓN Y COPYRIGHT
Producción, publicación, distribución, fabricación y copyright Santo Domingo :
Nombre del de productor, editor, distribuidor, fabricante [editor no identificado],
Fecha de producción, publicación, distribución, fabricación o copyright [2011].
300 ## - DESCRIPCIÓN FÍSICA
Extensión [22] páginas
Otras características físicas fotografías :
Dimensiones 22 cm.
336 ## - TIPO DE CONTENIDO
Término de tipo de contenido texto
Código de tipo de contenido txt
Fuente rdacontent
337 ## - TIPO DE MEDIO
Nombre/término del tipo de medio sin mediación
Código del tipo de medio n
Fuente rdamedia
338 ## - TIPO DE SOPORTE
Nombre/término del tipo de soporte volumen
Código del tipo de soporte nc
Fuente rdacarrier
500 ## - NOTA GENERAL
Nota general Libro en pasta dura.
500 ## - NOTA GENERAL
Nota general Libro en español e inglés.
505 ## - NOTA DE CONTENIDO CON FORMATO
Información miscelánea Cosas que ver --
Título Alcázar de Colón --
-- Catedral Primada de América --
-- Museo de las Casas Reales --
-- Quinta Dominica --
-- Ruinas de San Francisco --
-- Ruinas del Hospital de Bari --
-- Fortaleza Ozama --
-- Caoba cigars --
-- Museo del ron y la caña --
-- Mercado modelo --
-- Bolos gallery --
-- Centro cultural de las telecomunicaciones /
Información miscelánea Dónde quedarse --
Título Hostal Nicolas de Ovando --
-- Hotel Atarazana --
-- Hotel Frances --
-- Mecure comercial --
-- Europa boutique --
-- Hodelpa caribe colonial --
-- Suite colonial --
-- Hotel discovery /
Información miscelánea Dónde comer --
Título Meson de Bari --
-- Pat e palo --
-- La residence --
-- Taberna Vasca --
-- Falafel --
-- Angelo ristorante --
-- Cafe Bellini --
-- Penalba cafetería --
-- Adrian Tropical --
-- La cafetera /
Información miscelánea Vida nocturna --
Título Casa de teatro --
-- Kalimocho --
-- Boca negra --
-- Mr. P. --
-- Element V --
-- Segafredo --
-- Studio lounge --
-- Doubles --
590 ## - NOTA LOCAL (RLIN)
Nota local Inventariado, 2025/ YL
910 ## - DATOS DE OPCIÓN DEL USUARIO (OCLC)
Datos de opción del usuario YLockward
942 ## - ELEMENTOS DE PUNTO DE ACCESO ADICIONAL (KOHA)
Fuente del sistema de clasificación o colocación Dewey Decimal Classification
Tipo de ítem Koha Folleto
Existencias
Estado de retiro Estado de pérdida Fuente del sistema de clasificación o colocación Restricciones de uso No para préstamo Código de colección Localización permanente Ubicación/localización actual Ubicación en estantería Fecha de adquisición Fuente de adquisición Total de préstamos Signatura topográfica completa Código de barras Fecha visto por última vez Precio válido a partir de Tipo de ítem Koha Nota pública
    Dewey Decimal Classification Excluido de préstamo   Patrimonio Dominicano Biblioteca Nacional Pedro Henríquez Ureña Biblioteca Nacional Pedro Henríquez Ureña En catalogación 12.08.2024 Donación   BNPHU F-PD xxxx L926 2025-5087 11.06.2025 11.06.2025 Folleto Autografiado por el autor.

Con tecnología Koha